RICS European housing review 2006 (Record no. 105101)

MARC details
000 -LEADER
fixed length control field 01482cam a2200265 4500
001 - CONTROL NUMBER
control field ##L132348
008 - FIXED-LENGTH DATA ELEMENTS--GENERAL INFORMATION
fixed length control field 020402n2006 000 0 eng u
020 ## - INTERNATIONAL STANDARD BOOK NUMBER
International Standard Book Number 9781842192884
035 ## - SYSTEM CONTROL NUMBER
System control number (Sirsi) u132348
041 0# - LANGUAGE CODE
Language code of text/sound track or separate title eng
050 04 - LIBRARY OF CONGRESS CALL NUMBER
Classification number 306.1094 $2 18
100 1# - MAIN ENTRY--PERSONAL NAME
Personal name Ball, Michael
245 00 - TITLE STATEMENT
Title RICS European housing review 2006
Remainder of title executive summary
Medium [electronic resource]
260 ## - PUBLICATION, DISTRIBUTION, ETC.
Place of publication, distribution, etc. London
Name of publisher, distributor, etc. RICS
Date of publication, distribution, etc. 2006
300 ## - PHYSICAL DESCRIPTION
Extent 15p.
Dimensions 21cm.
490 #0 - SERIES STATEMENT
Series statement RICS Research
520 ## - SUMMARY, ETC.
Summary, etc. Key messages are: three of the top four economies, Germany, Italy and UK, now have flat housing markets; there were double-digit inflation rates in Estonia, Denmark, France, Spain and Sweden; and price rises are likely to slow markedly in 2006. Provides an overview of the performance of 18 European housing markets in 2005 in terms of inflation, building activity, mortgage markets and turnover. Contains summaries of recent market performance for Belgium, France, Germany, Ireland, Italy, the Netherlands and Spain. The full report is available online (see L132349).
650 24 - SUBJECT ADDED ENTRY--TOPICAL TERM
Topical term or geographic name entry element RICS EUROPEAN HOUSING REVIEW
650 24 - SUBJECT ADDED ENTRY--TOPICAL TERM
Topical term or geographic name entry element ANNUAL REVIEW OF EUROPEAN HOUSING
651 #4 - SUBJECT ADDED ENTRY--GEOGRAPHIC NAME
Geographic name EUROPEAN
690 ## - LOCAL SUBJECT ADDED ENTRY--TOPICAL TERM (OCLC, RLIN)
Topical term or geographic name as entry element PROPERTY-RESIDENTIAL PROPERTY-RESIDENTIAL PROPERTY MARKET
710 2# - ADDED ENTRY--CORPORATE NAME
Corporate name or jurisdiction name as entry element Royal Institution of Chartered Surveyors
Subordinate unit Research
9 (RLIN) 4902
856 48 - ELECTRONIC LOCATION AND ACCESS
Uniform Resource Identifier <a href="https://www.rics.org/site/download_feed.aspx?fileID=7312&fileExtension=PDF">https://www.rics.org/site/download_feed.aspx?fileID=7312&fileExtension=PDF</a>
Public note View the report free of charge on the www.rics.org website.
942 ## - ADDED ENTRY ELEMENTS (KOHA)
Suppress in OPAC 0
Holdings
Withdrawn status Lost status Source of classification or shelving scheme Damaged status Not for loan Home library Current library Shelving location Date acquired Total Checkouts Full call number Barcode Date last seen Copy number Price effective from Koha item type
    Dewey Decimal Classification     London London RICS Boxes 31/07/2006   RICS 2006/24 30076197 06/08/2019 1 06/08/2019 Archive
    Dewey Decimal Classification     London London RICS Boxes 31/07/2006   RICS 2006/24 30076200 06/08/2019 4 06/08/2019 Reference material
    Dewey Decimal Classification     Virtual Virtual Online 25/08/2010   ONLINE PUBLICATION 132348-3001 06/08/2019 1 06/08/2019 Book